| 000 | 00516nam a2200181Ia 4500 | ||
|---|---|---|---|
| 003 | LDD | ||
| 008 | 190117s9999 xx 000 0 und d | ||
| 020 |
_a8121401607 _c₹45 |
||
| 040 | _cLDD | ||
| 041 | _ahi | ||
| 082 | _a8h1.709 न1664सा | ||
| 100 | _aनगेन्द्र | ||
| 245 | 0 |
_aसाकेत _b एक अध्ययन _cनगेन्द्र |
|
| 246 |
_a Saket _b ek adhyayan |
||
| 260 |
_aनई दिल्ली _bनेशनल _c1987 |
||
| 300 | _a158पृ. | ||
| 942 |
_2ddc _cH |
||
| 999 |
_c161888 _d161888 |
||